[Event "Budapest FS11 FM-A"]
[Site "Budapest"]
[Date "2011.11.08"]
[Round "4"]
[White "Makrai, Peter"]
[Black "Letay, Gyula"]
[Result "0-1"]
[WhiteElo "1812"]
[BlackElo "2029"]
[PlyCount "46"]
[EventDate "2011.11.05"]
[EventType "tourn"]
[EventRounds "11"]
[EventCountry "HUN"]
[SourceTitle "EXT 2012"]
[Source "ChessBase"]
[SourceDate "2011.11.24"]
[SourceVersion "1"]
[SourceVersionDate "2011.11.24"]
[SourceQuality "1"]

1. e4 c5 2. Nf3 d6 3. d4 cxd4 4. Nxd4 Nf6 5. Nc3 a6 6. Bc4 e6 7. Bb3 Be7 8. 0-0 0-0 9. Be3 Qc7 10. h3 b5 11. a3 Nc6 12. Nxc6 Qxc6 13. f3 Bb7 14. a4 Rfe8 15. axb5 axb5 16. Qd2 Nd7 17. Ne2 Nc5 18. Bxc5 dxc5 19. c4 Ba6 20. cxb5 Qxb5 21. Bd1 Bf6 22. b3 Bxa1 23. Ng3 Bd4+ 0-1

[Event "Budapest FS11 FM-A"]
[Site "Budapest"]
[Date "2011.11.06"]
[Round "2"]
[White "Makrai, Peter"]
[Black "Lee, Kai Jie Edward"]
[Result "0-1"]
[WhiteElo "1812"]
[BlackElo "2003"]
[PlyCount "94"]
[EventDate "2011.11.05"]
[EventType "tourn"]
[EventRounds "11"]
[EventCountry "HUN"]
[SourceTitle "EXT 2012"]
[Source "ChessBase"]
[SourceDate "2011.11.24"]
[SourceVersion "1"]
[SourceVersionDate "2011.11.24"]
[SourceQuality "1"]

1. e4 e5 2. Nf3 Nf6 3. d4 Nxe4 4. Bd3 d5 5. Nxe5 Nd7 6. Nxd7 Bxd7 7. 0-0 Bd6 8. c4 c6 9. Nc3 Nxc3 10. bxc3 0-0 11. cxd5 cxd5 12. Qh5 f5 13. Bg5 Qc7 14. Bd2 Rac8 15. a4 Bf4 16. Be1 Rf6 17. g3 Bd6 18. Bd2 g6 19. Qf3 Bc6 20. Rfe1 f4 21. g4 Qd7 22. Bc2 Bc7 23. Kg2 Rcf8 24. h4 Qc8 25. Rg1 Bd7 26. Kh2 Kh8 27. Bb3 b5 28. axb5 Bxb5 29. Rxa7 Qb8 30. Rga1 Be2 31. Qxd5 f3+ 32. Kg1 Qc8 33. Qg5 Rb6 34. Bd5 Ra6 35. Ra8 Qxa8 36. Bxa8 Rxa1+ 37. Bc1 Bf4 38. Qxf4 Rxf4 39. Kh2 Rxc1 40. Kg3 Rf8 41. Be4 Rg1+ 42. Kh2 Rxg4 43. Bd5 Rg2+ 44. Kh3 Rf4 45. c4 h6 46. h5 g5 47. c5 Rh4# 0-1

[Event "Budapest FS05 FM-B"]
[Site "Budapest"]
[Date "2005.05.16"]
[Round "10"]
[White "Lakat, Gyula"]
[Black "Makrai, Peter"]
[Result "0-1"]
[WhiteElo "1983"]
[BlackElo "1837"]
[PlyCount "76"]
[EventDate "2005.05.07"]
[EventType "tourn"]
[EventRounds "11"]
[EventCountry "HUN"]
[SourceTitle "CBM 106 Extra"]
[Source "ChessBase"]
[SourceDate "2005.07.01"]
[SourceVersion "1"]
[SourceVersionDate "2005.07.01"]
[SourceQuality "1"]

1. c4 e5 2. Nc3 Nf6 3. d3 c6 4. Bg5 Be7 5. Nf3 d6 6. h3 Nbd7 7. b4 h6 8. Bd2 Nf8 9. g3 Ng6 10. Bg2 0-0 11. Rb1 d5 12. c5 d4 13. Na4 Be6 14. a3 Qd7 15. Nb2 Rad8 16. Qc2 Nd5 17. Nc4 f6 18. h4 Qc7 19. h5 Nh8 20. Nh4 f5 21. Ng6 Nxg6 22. hxg6 Nf6 23. Nxe5 Ng4 24. Nxg4 fxg4 25. Bf4 Rxf4 26. gxf4 Qxf4 27. Qd2 Qe5 28. Kd1 Bg5 29. Qe1 Bf5 30. Kc2 Bxg6 31. Kb2 Re8 32. Bf1 Bxd3 33. Rd1 Be4 34. Rg1 d3+ 35. Qc3 Qh2 36. Qc4+ Bd5 37. Qxg4 Qe5+ 38. Kb1 Bf6 0-1

[Event "Budapest FS05 FM-B"]
[Site "Budapest"]
[Date "2005.05.10"]
[Round "4"]
[White "Makrai, Peter"]
[Black "Honsch, Pal"]
[Result "1/2-1/2"]
[WhiteElo "1837"]
[BlackElo "1966"]
[PlyCount "60"]
[EventDate "2005.05.07"]
[EventType "tourn"]
[EventRounds "11"]
[EventCountry "HUN"]
[SourceTitle "CBM 106 Extra"]
[Source "ChessBase"]
[SourceDate "2005.07.01"]
[SourceVersion "1"]
[SourceVersionDate "2005.07.01"]
[SourceQuality "1"]

1. e4 c5 2. Nf3 d6 3. d4 cxd4 4. Nxd4 Nf6 5. Nc3 a6 6. Bc4 e6 7. Bb3 b5 8. 0-0 b4 9. Na4 Nxe4 10. Re1 d5 11. Bf4 Bd6 12. Bxd6 Qxd6 13. Nxe6 Bxe6 14. Rxe4 0-0 15. c4 a5 16. Rd4 Nc6 17. Rd2 d4 18. Rc1 Rad8 19. Qf3 Qc7 20. Rcd1 Rd7 21. Qh5 g6 22. Qc5 Rb8 23. Bc2 f5 24. b3 Qd6 25. Qxd6 Rxd6 26. Nc5 Kf7 27. Re1 Kf6 28. Rde2 Bf7 29. Bd3 Nd8 30. f4 Ne6 1/2-1/2

[Event "Budapest FS05 FM-B"]
[Site "Budapest"]
[Date "2005.05.08"]
[Round "2"]
[White "Makrai, Peter"]
[Black "Palotas, Peter"]
[Result "1/2-1/2"]
[WhiteElo "1837"]
[BlackElo "1890"]
[PlyCount "80"]
[EventDate "2005.05.07"]
[EventType "tourn"]
[EventRounds "11"]
[EventCountry "HUN"]
[SourceTitle "CBM 106 Extra"]
[Source "ChessBase"]
[SourceDate "2005.07.01"]
[SourceVersion "1"]
[SourceVersionDate "2005.07.01"]
[SourceQuality "1"]

1. e4 c5 2. Nf3 e6 3. d4 cxd4 4. Nxd4 a6 5. Bd3 Qc7 6. 0-0 Nc6 7. Nxc6 bxc6 8. c4 Ne7 9. Nc3 Bb7 10. Be3 Rb8 11. Rc1 g6 12. Bg5 Bg7 13. Qf3 d6 14. Bf6 0-0 15. Bxg7 Kxg7 16. Qg3 Rfc8 17. b3 d5 18. e5 Nf5 19. Bxf5 exf5 20. c5 Re8 21. Rfe1 Re6 22. f4 h6 23. h4 a5 24. Na4 Ba6 25. Nb6 Rxb6 26. cxb6 Qxb6+ 27. Kh2 d4 28. Qf2 c5 29. Red1 a4 30. g4 h5 31. gxf5 gxf5 32. Qc2 axb3 33. axb3 Qb5 34. Rg1+ Rg6 35. Rxg6+ fxg6 36. Qc4 Qa5 37. Qc2 Qb5 38. Kg3 Qb4 39. Kf2 Qb5 40. Qc4 Qa5 1/2-1/2

[Event "HUN-chT2 Erkel 0405"]
[Site "Hungary"]
[Date "2005.02.06"]
[Round "7"]
[White "Gulyas, Zoltan"]
[Black "Makrai, Peter"]
[Result "1-0"]
[WhiteElo "2128"]
[BlackElo "1847"]
[PlyCount "71"]
[EventDate "2004.09.26"]
[EventType "team"]
[EventRounds "11"]
[EventCountry "HUN"]
[SourceTitle "EXT 2009"]
[Source "ChessBase"]
[SourceDate "2008.11.26"]
[SourceVersion "1"]
[SourceVersionDate "2008.11.26"]
[SourceQuality "1"]
[WhiteTeam "Ujszasz"]
[BlackTeam "Karpati"]
[WhiteTeamCountry "HUN"]
[BlackTeamCountry "HUN"]

1. d4 Nf6 2. c4 e6 3. Nc3 d5 4. e3 Be7 5. Nf3 b6 6. cxd5 exd5 7. Bd3 Bg4 8. Qa4+ Bd7 9. Qc2 g6 10. Bd2 Nc6 11. a3 0-0 12. 0-0 Bg4 13. Bb5 Bxf3 14. Bxc6 Bxg2 15. Kxg2 Rb8 16. Rac1 a6 17. Qb3 Qc8 18. f3 Qf5 19. Nxd5 Nxd5 20. Qxd5 Qd3 21. Rf2 Bh4 22. Qe4 Qxe4 23. fxe4 Bxf2 24. Kxf2 Kg7 25. Bb4 Rfd8 26. Be7 Rg8 27. e5 b5 28. Ke2 a5 29. Bd5 b4 30. axb4 axb4 31. Bf6+ Kh6 32. h4 c6 33. Bxf7 Rgc8 34. e6 Ra8 35. e7 Ra2 36. Bxa2 1-0

[Event "HUN-chT2 Erkel 0405"]
[Site "Hungary"]
[Date "2004.12.19"]
[Round "6"]
[White "Makrai, Peter"]
[Black "Vass, Viktor"]
[Result "0-1"]
[WhiteElo "1847"]
[BlackElo "2189"]
[PlyCount "70"]
[EventDate "2004.09.26"]
[EventType "team"]
[EventRounds "11"]
[EventCountry "HUN"]
[SourceTitle "EXT 2009"]
[Source "ChessBase"]
[SourceDate "2008.11.26"]
[SourceVersion "1"]
[SourceVersionDate "2008.11.26"]
[SourceQuality "1"]
[WhiteTeam "Karpati"]
[BlackTeam "Statisztika II"]
[WhiteTeamCountry "HUN"]
[BlackTeamCountry "HUN"]

1. e4 e5 2. Nf3 Nc6 3. Bb5 a6 4. Ba4 Nf6 5. 0-0 Be7 6. Re1 b5 7. Bb3 0-0 8. c3 d5 9. exd5 Nxd5 10. Nxe5 Nxe5 11. Rxe5 c6 12. d4 Bd6 13. Re1 Qh4 14. g3 Qh3 15. Be3 Bg4 16. Qd3 Rae8 17. Nd2 Kh8 18. Qf1 Qh5 19. Bd1 f5 20. Bxg4 fxg4 21. Qg2 Qf5 22. a4 Qd3 23. Nf1 b4 24. c4 Nxe3 25. Nxe3 Qxd4 26. Qxc6 Qd2 27. Rf1 Be5 28. Qxa6 Bd4 29. Rad1 Qxb2 30. Rb1 Qe2 31. Qc6 Rxe3 32. fxe3 Bxe3+ 33. Kh1 Qxf1+ 34. Rxf1 Rxf1+ 35. Kg2 Rg1# 0-1

[Event "HUN-chT2 Erkel 0405"]
[Site "Hungary"]
[Date "2004.12.05"]
[Round "4"]
[White "Makrai, Peter"]
[Black "Kantor, Jozsef"]
[Result "0-1"]
[WhiteElo "1847"]
[BlackElo "1989"]
[PlyCount "64"]
[EventDate "2004.09.26"]
[EventType "team"]
[EventRounds "11"]
[EventCountry "HUN"]
[SourceTitle "EXT 2009"]
[Source "ChessBase"]
[SourceDate "2008.11.26"]
[SourceVersion "1"]
[SourceVersionDate "2008.11.26"]
[SourceQuality "1"]
[WhiteTeam "Karpati"]
[BlackTeam "Mezokovesd"]
[WhiteTeamCountry "HUN"]
[BlackTeamCountry "HUN"]

1. e4 c6 2. d4 d5 3. Nc3 dxe4 4. Nxe4 Nf6 5. Nxf6+ gxf6 6. Bf4 Bf5 7. Nf3 Qb6 8. Qc1 Nd7 9. Be2 e5 10. dxe5 fxe5 11. Bg3 0-0-0 12. 0-0 f6 13. a4 h5 14. Nh4 Bh6 15. Qb1 Bg4 16. a5 Qc5 17. b4 Qc3 18. Ra2 Bxe2 19. Re1 Bc4 20. Ra1 Bd2 21. Re4 Bd5 22. Re2 Qxb4 23. Qd1 Bc3 24. Rb1 Qxa5 25. Nf5 Nb6 26. Qc1 Qc5 27. h3 Rdg8 28. Kh2 h4 29. Nxh4 Rxh4 30. Bxh4 Rxg2+ 31. Kh1 Rxf2+ 32. Kg1 Rxe2+ 0-1

[Event "HUN-chT2 Erkel 0405"]
[Site "Hungary"]
[Date "2004.11.21"]
[Round "3"]
[White "Timar, Zsolt"]
[Black "Makrai, Peter"]
[Result "1-0"]
[WhiteElo "2127"]
[BlackElo "1847"]
[PlyCount "91"]
[EventDate "2004.09.26"]
[EventType "team"]
[EventRounds "11"]
[EventCountry "HUN"]
[SourceTitle "EXT 2009"]
[Source "ChessBase"]
[SourceDate "2008.11.26"]
[SourceVersion "1"]
[SourceVersionDate "2008.11.26"]
[SourceQuality "1"]
[WhiteTeam "Godollo"]
[BlackTeam "Karpati"]
[WhiteTeamCountry "HUN"]
[BlackTeamCountry "HUN"]

1. d4 Nf6 2. c4 e6 3. Nf3 b6 4. a3 Bb7 5. Nc3 Be7 6. d5 exd5 7. cxd5 d6 8. e4 Nbd7 9. Be2 0-0 10. 0-0 Ne5 11. Nd4 Bc8 12. f4 Ng6 13. Nc6 Qe8 14. Qc2 a6 15. Be3 Bd8 16. Rac1 Bd7 17. Nxd8 Qxd8 18. Bd4 Re8 19. Rce1 b5 20. g3 Rc8 21. Bf3 Bh3 22. Bg2 Bxg2 23. Qxg2 Nd7 24. h4 f6 25. h5 Nh8 26. Nd1 Nf7 27. Ne3 Nb6 28. g4 Qe7 29. Nc2 Nd8 30. g5 fxg5 31. fxg5 Nf7 32. Bf6 Qd7 33. Nd4 Ne5 34. Bxe5 Rxe5 35. Ne6 Rxe6 36. dxe6 Qxe6 37. g6 hxg6 38. hxg6 Nd7 39. Rf5 Rf8 40. Ref1 Rf6 41. Rxf6 Nxf6 42. Rf4 Kf8 43. Qh2 Qe5 44. Qh8+ Ke7 45. Qxg7+ Ke6 46. Qf7# 1-0

[Event "Budapest FS05 FM-B"]
[Site "Budapest"]
[Date "2004.05.??"]
[Round "9"]
[White "Makrai, Peter"]
[Black "Lantos, Attila"]
[Result "0-1"]
[WhiteElo "1855"]
[BlackElo "1991"]
[PlyCount "79"]
[EventDate "2004.05.??"]
[EventType "tourn"]
[EventRounds "13"]
[EventCountry "HUN"]
[SourceTitle "CBM 100 Extra"]
[Source "ChessBase"]
[SourceDate "2004.07.06"]
[SourceVersion "2"]
[SourceVersionDate "2004.07.06"]
[SourceQuality "1"]

1. e4 e5 2. Nf3 Nc6 3. Bb5 a6 4. Ba4 Nf6 5. 0-0 b5 6. Bb3 Be7 7. Re1 0-0 8. c3 d5 9. exd5 Nxd5 10. d4 exd4 11. Nxd4 Nxd4 12. Qxd4 Be6 13. Bxd5 Bxd5 14. Be3 c6 15. Nd2 f5 16. Nb3 Bd6 17. Bf4 Be7 18. Qe5 Bg5 19. Rad1 Bxf4 20. Qxf4 Qf6 21. Re3 Rae8 22. Rde1 Rxe3 23. Qxe3 f4 24. Qh3 Kh8 25. Nc5 Rd8 26. a3 h6 27. Nxa6 f3 28. g3 Qd6 29. Qh4 c5 30. Nxc5 Kh7 31. Ne4 Qd7 32. Nc5 Re8 33. Re3 Rxe3 34. fxe3 Qf5 35. g4 Qb1+ 36. Kf2 Qc2+ 37. Kg3 Qg2+ 38. Kf4 g5+ 39. Qxg5 hxg5+ 40. Kxg5 0-1

[Event "Budapest FS05 FM-B"]
[Site "Budapest"]
[Date "2004.05.??"]
[Round "10"]
[White "Zoltan, Andras"]
[Black "Makrai, Peter"]
[Result "1/2-1/2"]
[WhiteElo "2072"]
[BlackElo "1855"]
[PlyCount "75"]
[EventDate "2004.05.??"]
[EventType "tourn"]
[EventRounds "13"]
[EventCountry "HUN"]
[SourceTitle "CBM 100 Extra"]
[Source "ChessBase"]
[SourceDate "2004.07.06"]
[SourceVersion "2"]
[SourceVersionDate "2004.07.06"]
[SourceQuality "1"]

1. e4 c5 2. Nf3 d6 3. Bb5+ Bd7 4. Bxd7+ Qxd7 5. 0-0 Nf6 6. Re1 Nc6 7. c3 e6 8. d4 cxd4 9. cxd4 d5 10. e5 Ne4 11. Ng5 Nxg5 12. Bxg5 h6 13. Be3 Bb4 14. Re2 0-0 15. a3 Be7 16. b4 a6 17. Nd2 Rfc8 18. Nb3 b6 19. Qd3 Ra7 20. Bd2 Nb8 21. f4 Rac7 22. f5 Bg5 23. Bxg5 Rc3 24. fxe6 Qxe6 25. Nc5 R8xc5 26. Qd1 Rc8 27. Be3 Qc6 28. Qf1 Qc4 29. Qf2 Qd3 30. Rf1 Qg6 31. Ra2 Nd7 32. Qf3 Qe6 33. Qe2 b5 34. Qf2 Nb6 35. Qf4 Nc4 36. Rf3 Nxe3 37. Rxe3 Rc1+ 38. Kf2 1/2-1/2

[Event "Budapest FS03 FM"]
[Site "Budapest"]
[Date "2004.03.08"]
[Round "3"]
[White "Ignacz, Maria"]
[Black "Makrai, Peter"]
[Result "1-0"]
[WhiteElo "2131"]
[BlackElo "1892"]
[PlyCount "68"]
[EventDate "2004.03.06"]
[EventType "tourn"]
[EventRounds "13"]
[EventCountry "HUN"]
[SourceTitle "CBM 099 Extra"]
[Source "ChessBase"]
[SourceDate "2004.05.04"]
[SourceVersion "1"]
[SourceVersionDate "2004.05.04"]
[SourceQuality "1"]

1. d4 Nf6 2. c4 g6 3. Nf3 Bg7 4. g3 d6 5. Bg2 0-0 6. 0-0 Nbd7 7. d5 c5 8. dxc6 bxc6 9. Nd4 Bb7 10. Nxc6 Bxc6 11. Bxc6 Rc8 12. Bg2 Rxc4 13. Nc3 Qa5 14. h3 Rb8 15. e3 Ne5 16. Ne2 Rbc8 17. Nd4 Qb6 18. b3 R4c7 19. Bb2 Nc4 20. Bc1 Ne5 21. Qe2 a6 22. Bb2 Ned7 23. Rac1 Nc5 24. Rfd1 Nce4 25. Bf1 a5 26. Qb5 Qxb5 27. Bxb5 Nc3 28. Bxc3 Rxc3 29. Nc6 Nd5 30. e4 Rxc1 31. Rxc1 Rxc6 32. Rxc6 Nb4 33. Rc8+ Bf8 34. a3 Na2 1-0

[Event "HUN-chT2 Breyer 0304"]
[Site "Hungary"]
[Date "2004.01.25"]
[Round "6"]
[White "Nagy, Bela"]
[Black "Makrai, Peter"]
[Result "1-0"]
[WhiteElo "2041"]
[BlackElo "1892"]
[PlyCount "81"]
[EventDate "2003.09.28"]
[EventType "team"]
[EventRounds "11"]
[EventCountry "HUN"]
[SourceTitle "EXT 2009"]
[Source "ChessBase"]
[SourceDate "2008.11.26"]
[SourceVersion "1"]
[SourceVersionDate "2008.11.26"]
[SourceQuality "1"]
[WhiteTeam "MAFC"]
[BlackTeam "Karpati"]
[WhiteTeamCountry "HUN"]
[BlackTeamCountry "HUN"]

1. e4 c5 2. f4 e6 3. Nf3 Nf6 4. d3 d5 5. e5 Nfd7 6. Be2 g6 7. 0-0 Bg7 8. Nc3 a6 9. a4 Nc6 10. Bd2 0-0 11. Ng5 Nd4 12. Bg4 h6 13. Nf3 Nc6 14. Qe1 b6 15. h4 h5 16. Bh3 Nb4 17. Rc1 Bb7 18. Ne2 a5 19. Ng5 Qe7 20. Ng3 Rac8 21. Qe2 Nc6 22. c3 Nd8 23. Nxh5 Bh6 24. Ng3 f6 25. exf6 Nxf6 26. Rce1 Rc6 27. f5 Bxg5 28. hxg5 Nh5 29. Nxh5 gxh5 30. Qxh5 e5 31. f6 Qh7 32. Qxh7+ Kxh7 33. Bf5+ Kg8 34. Rf3 Nf7 35. g6 Rxf6 36. gxf7+ R8xf7 37. Rxe5 d4 38. Re8+ Rf8 39. Rg3+ Kh8 40. Rh3+ Kg7 41. Re7+ 1-0

[Event "Budapest FS12 FM-B"]
[Site "Budapest"]
[Date "2003.12.15"]
[Round "9"]
[White "Makrai, Peter"]
[Black "Tessedik, Karoly"]
[Result "0-1"]
[WhiteElo "1892"]
[BlackElo "1930"]
[PlyCount "70"]
[EventDate "2003.12.06"]
[EventType "tourn"]
[EventRounds "13"]
[EventCountry "HUN"]
[SourceTitle "CBM 097 Extra"]
[Source "ChessBase"]
[SourceDate "2004.01.13"]
[SourceVersion "1"]
[SourceVersionDate "2004.01.13"]
[SourceQuality "1"]

1. e4 c5 2. Nf3 d6 3. d4 cxd4 4. Nxd4 Nf6 5. Nc3 a6 6. Be3 Ng4 7. Bd2 Qb6 8. Be3 Nxe3 9. fxe3 e5 10. Nd5 Qd8 11. Nf3 Be6 12. Bc4 Nd7 13. 0-0 Rc8 14. Qe2 b5 15. Bd3 Nc5 16. Rac1 Bxd5 17. exd5 e4 18. Bxb5+ axb5 19. Nd4 Be7 20. b4 Nd7 21. Nc6 Qb6 22. Rxf7 Kxf7 23. Rf1+ Bf6 24. Qh5+ g6 25. Qh3 Qc7 26. Qe6+ Kg7 27. Rxf6 Nxf6 28. Qh3 Qd7 29. Qh4 Rxc6 30. dxc6 Qxc6 31. h3 Qd5 32. g4 Qd1+ 33. Kh2 Rc8 34. c3 Rxc3 35. g5 Qe2+ 0-1

[Event "Budapest FS12 FM-B"]
[Site "Budapest"]
[Date "2003.12.12"]
[Round "6"]
[White "Makrai, Peter"]
[Black "Bednay, Bence"]
[Result "0-1"]
[WhiteElo "1892"]
[BlackElo "2008"]
[PlyCount "102"]
[EventDate "2003.12.06"]
[EventType "tourn"]
[EventRounds "13"]
[EventCountry "HUN"]
[SourceTitle "CBM 097 Extra"]
[Source "ChessBase"]
[SourceDate "2004.01.13"]
[SourceVersion "1"]
[SourceVersionDate "2004.01.13"]
[SourceQuality "1"]

1. e4 c6 2. d4 d5 3. Nc3 dxe4 4. Nxe4 Bf5 5. Ng3 g6 6. Nxf5 gxf5 7. Nf3 e6 8. Bc4 Bh6 9. Qe2 Bxc1 10. Rxc1 Nd7 11. 0-0 Qe7 12. a3 0-0-0 13. b4 Nb6 14. Bb3 Nf6 15. b5 cxb5 16. Qxb5 Nfd5 17. c4 Nf4 18. c5 Nbd5 19. c6 b6 20. Bxd5 Nxd5 21. Qa6+ Kb8 22. Ne5 Qc7 23. Nxf7 Qxf7 24. c7+ Nxc7 25. Qc4 Nd5 26. Qb3 Rc8 27. Rb1 Rc3 28. Qb2 Rhc8 29. a4 R3c4 30. Qa3 Qd7 31. a5 Ra4 32. Qg3+ f4 33. Qg5 Rxa5 34. Rb2 Ka8 35. Rfb1 Nc3 36. Qxf4 Nxb1 37. Qe4+ Qd5 38. Qxb1 Qc6 39. h3 Qc1+ 40. Kh2 Qxb1 41. Rxb1 Rd5 42. Re1 Rd6 43. Re4 Rc4 44. Rh4 Rd7 45. Re4 Rcxd4 46. Re3 Rd3 47. Rxe6 R3d6 48. Re8+ Kb7 49. f4 a5 50. g4 a4 51. f5 a3 0-1

[Event "Budapest FS12 FM-B"]
[Site "Budapest"]
[Date "2003.12.09"]
[Round "3"]
[White "Bodrogi, Laszlo"]
[Black "Makrai, Peter"]
[Result "1-0"]
[WhiteElo "2069"]
[BlackElo "1892"]
[PlyCount "77"]
[EventDate "2003.12.06"]
[EventType "tourn"]
[EventRounds "13"]
[EventCountry "HUN"]
[SourceTitle "CBM 097 Extra"]
[Source "ChessBase"]
[SourceDate "2004.01.13"]
[SourceVersion "1"]
[SourceVersionDate "2004.01.13"]
[SourceQuality "1"]

1. d4 b5 2. e4 Bb7 3. Nd2 a6 4. Ngf3 Nf6 5. Bd3 e6 6. 0-0 c5 7. c3 Be7 8. e5 Nd5 9. Ne4 cxd4 10. cxd4 h6 11. Bd2 Nc6 12. Rc1 0-0 13. Bb1 Qb6 14. Qc2 Ncb4 15. Nf6+ Nxf6 16. Bxb4 Be4 17. exf6 Bxc2 18. fxe7 Rfe8 19. Rxc2 d6 20. Rfc1 Rxe7 21. Rc6 Qa7 22. Bxd6 Ree8 23. h3 Rad8 24. a3 Qa8 25. Ba2 Rc8 26. d5 Rxc6 27. dxc6 f6 28. c7 Qc8 29. Nd4 Kh7 30. Nxe6 h5 31. Nf8+ Kh6 32. Be6 Rxe6 33. Nxe6 g5 34. Nd8 g4 35. Bf4+ Kg6 36. Nc6 Kh7 37. Ne7 Qe6 38. c8Q Qxe7 39. Rc7 1-0

[Event "Budapest FS12 FM-B"]
[Site "Budapest"]
[Date "2003.12.08"]
[Round "2"]
[White "Makrai, Peter"]
[Black "Zilahi, Gabor"]
[Result "0-1"]
[WhiteElo "1892"]
[BlackElo "2047"]
[PlyCount "114"]
[EventDate "2003.12.06"]
[EventType "tourn"]
[EventRounds "13"]
[EventCountry "HUN"]
[SourceTitle "CBM 097 Extra"]
[Source "ChessBase"]
[SourceDate "2004.01.13"]
[SourceVersion "1"]
[SourceVersionDate "2004.01.13"]
[SourceQuality "1"]

1. e4 c6 2. d4 d5 3. Nc3 b5 4. e5 Bf5 5. Bd3 Bxd3 6. Qxd3 e6 7. Nf3 Nd7 8. 0-0 Ne7 9. Ne2 Ng6 10. Ng3 Be7 11. Ne1 f5 12. f4 Qb6 13. Kh1 c5 14. c3 a5 15. Nf3 0-0 16. Ne2 c4 17. Qd1 Qc6 18. Bd2 Rfb8 19. a3 Rb7 20. Qc2 Rab8 21. Rfb1 Nb6 22. g3 Qe8 23. Kg2 Nh8 24. h3 Qh5 25. Qd1 Nf7 26. Qc1 Kh8 27. Neg1 Rg8 28. h4 Nd8 29. Qd1 h6 30. Nh2 Qxd1 31. Rxd1 Nc6 32. Ne2 g6 33. Nf3 Kh7 34. Kh3 Ra8 35. Rdb1 Rba7 36. Ne1 b4 37. a4 Rb7 38. Nc2 Nd7 39. Kg2 Rab8 40. cxb4 axb4 41. b3 cxb3 42. Rxb3 Na5 43. Rbb1 Nc4 44. Bc1 b3 45. Ba3 bxc2 46. Rxb7 Rxb7 47. Bxe7 Rb1 48. Ra2 Re1 49. Rxc2 Ne3+ 50. Kf2 Nxc2 51. Nc3 Ra1 52. Bc5 Nxc5 53. dxc5 Nd4 54. Ke3 Nc6 55. Kd2 d4 56. Nd5 exd5 57. e6 Rxa4 0-1

[Event "Budapest FS12 FM-B"]
[Site "Budapest"]
[Date "2003.12.06"]
[Round "1"]
[White "Lakat, Gyula"]
[Black "Makrai, Peter"]
[Result "1-0"]
[WhiteElo "1976"]
[BlackElo "1892"]
[PlyCount "99"]
[EventDate "2003.12.06"]
[EventType "tourn"]
[EventRounds "13"]
[EventCountry "HUN"]
[SourceTitle "CBM 097 Extra"]
[Source "ChessBase"]
[SourceDate "2004.01.13"]
[SourceVersion "1"]
[SourceVersionDate "2004.01.13"]
[SourceQuality "1"]

1. c4 e5 2. Nc3 Nf6 3. g3 Nc6 4. Bg2 Be7 5. Nh3 d6 6. 0-0 0-0 7. f4 Be6 8. Nd5 Nxd5 9. cxd5 Bxh3 10. Bxh3 Nb8 11. Qb3 b6 12. d3 Nd7 13. Qb5 Nf6 14. Qc6 Qe8 15. Qxe8 Rfxe8 16. e4 a5 17. Bd2 b5 18. Rac1 Bd8 19. a3 Re7 20. Bc3 Ne8 21. fxe5 dxe5 22. b4 a4 23. Bd2 h6 24. Rc6 Nd6 25. Be3 Nb7 26. Rfc1 Rb8 27. Ba7 Ra8 28. Bc5 Nxc5 29. R1xc5 Rb8 30. Kg2 g6 31. Kf3 Kg7 32. d6 cxd6 33. Rxd6 f6 34. Bd7 Rf7 35. Rxb5 Rxb5 36. Bxb5 Be7 37. Ra6 Bf8 38. Bxa4 Rc7 39. Bc6 Kf7 40. Bd5+ Kg7 41. Bc4 h5 42. b5 Bc5 43. a4 Bd4 44. a5 f5 45. b6 Re7 46. Bd5 h4 47. b7 Re8 48. Ra8 fxe4+ 49. Kxe4 Re7 50. b8Q 1-0

[Event "HUN-chT2 Breyer 0304"]
[Site "Hungary"]
[Date "2003.11.30"]
[Round "4"]
[White "Makrai, Peter"]
[Black "Horvath, Balazs"]
[Result "0-1"]
[WhiteElo "1892"]
[BlackElo "2065"]
[PlyCount "86"]
[EventDate "2003.09.28"]
[EventType "team"]
[EventRounds "11"]
[EventCountry "HUN"]
[SourceTitle "EXT 2009"]
[Source "ChessBase"]
[SourceDate "2008.11.26"]
[SourceVersion "1"]
[SourceVersionDate "2008.11.26"]
[SourceQuality "1"]
[WhiteTeam "Karpati"]
[BlackTeam "Pet"]
[WhiteTeamCountry "HUN"]
[BlackTeamCountry "HUN"]

1. e4 c5 2. Nf3 a6 3. d4 cxd4 4. Nxd4 Nf6 5. Nc3 e5 6. Nf3 Bb4 7. Bd3 0-0 8. Bd2 d5 9. exd5 Bxc3 10. Bxc3 e4 11. 0-0 exd3 12. Qxd3 Nxd5 13. Rad1 Be6 14. Bxg7 Kxg7 15. c4 Qf6 16. cxd5 Bf5 17. Qb3 b6 18. Nd4 Bg6 19. Rfe1 Nd7 20. Nc6 Rfe8 21. Rxe8 Rxe8 22. Qg3 Kh8 23. d6 Re6 24. b4 Be4 25. Ne7 Qg7 26. f4 Qxg3 27. hxg3 f5 28. Kf2 Kg7 29. Rd4 Kf7 30. g4 fxg4 31. f5 Re5 32. Kg3 Bxf5 33. Kf4 Be6 34. a4 h5 35. Nc6 h4 36. Na7 Rf5+ 37. Ke3 h3 38. gxh3 gxh3 39. Rh4 Kg6 40. Nc8 Rh5 41. Ne7+ Kh6 42. Rf4 h2 43. Re4 Re5 0-1

[Event "HUN-chT2 Erkel 0203"]
[Site "Hungary"]
[Date "2003.02.02"]
[Round "6"]
[White "Makrai, Peter"]
[Black "Barta, Zoltan"]
[Result "1/2-1/2"]
[WhiteElo "1830"]
[BlackElo "2105"]
[PlyCount "49"]
[EventDate "2002.09.22"]
[EventType "team"]
[EventRounds "11"]
[EventCountry "HUN"]
[SourceTitle "EXT 2009"]
[Source "ChessBase"]
[SourceDate "2008.11.26"]
[SourceVersion "1"]
[SourceVersionDate "2008.11.26"]
[SourceQuality "1"]

1. e4 c5 2. Nf3 e6 3. d4 cxd4 4. Nxd4 Nf6 5. Nc3 Bb4 6. Bd3 e5 7. Nde2 d5 8. exd5 Nxd5 9. Bd2 Nxc3 10. Nxc3 0-0 11. 0-0 Nc6 12. Qh5 f5 13. Bc4+ Kh8 14. Rad1 Qe8 15. Qg5 Be6 16. Bxe6 Qxe6 17. a3 Be7 18. Qh5 Nd4 19. Rc1 Rac8 20. Rfe1 Rfd8 21. Be3 g6 22. Qh6 Bf8 23. Qh4 Qc6 24. Bg5 Re8 25. Re3 1/2-1/2